Statistics for Name These Flags

Click here to take the quiz!

General Stats

  • This quiz has been taken 14 times
  • The average score is 10 of 15

Answer Stats

Answer% Correct
European Union
100%
Azerbaijan
78%
Belize
78%
Benin
78%
Kyrgyzstan
78%
Malawi
78%
Chad
67%
Equatorial Guinea
67%
Marshall Islands
67%
Mauritania
67%
Texas
67%
Tunisia
67%
Burkina Faso
56%
Democratic Republic of the Congo
56%
Uzbekistan
44%

Score Distribution

Percentile by Number Answered

Percent of People with Each Score

Your Score History

You have not taken this quiz